000 00324 a2200109 4500
001 ART_10983
005 20260410161849.0
008 260409a
245 1 0 _aEquilibrio general y tributación óptima
100 1 _aMantel, Rolf R.
773 0 _tEconómica
_g- Año XXIX, Nº 2/3 (may./dic. 1983)
_wREV7541
999 _c24826
_d24826